000 01057nas a2200373 4500
001 BR0405590
003 BR-BrBNA
005 20231205105019.0
007 ta
008 230509b bl.|||p| |||| 00| 00por d
040 _aBR-BrBNA
_bpor
_cBiblioteca Nacional de Agricultura
041 _a(Pt)
072 _aQ04
100 1 _aRocha, C.
100 1 _aSiqueira, M.I.D. de
100 1 _aCobucci, R. de M.A.
100 1 _aSilva, F.D.
100 1 _aPeixoto, K.L.
100 1 _aSantana, L.V. de G.
245 1 _aIogurte de leite de búfala sabor frutos do Cerrado
650 _aIOGURTE
650 _aLEITE
650 _aBÚFALO
650 _aARATICUM
650 _aCAGAITA
650 _aMANGABA
650 _aANÁLISE ORGANOLÉPTICA
650 _aANÁLISE FÍSICA
650 _aANÁLISE QUÍMICA
650 _aGOIÁS
773 0 _tBoletim do Centro de Pesquisa e Processamento de Alimentos (Brazil)
_xISSN 0102-0323
_g(Jan-Jun 2004), v. 22(1) p. 97-106
_wBR0405590
909 _a202311
_bLúcia
_c55
_dLúcia Elande
942 _2AGRIS
_n0
_cANA
999 _c180780
_d180780